Statistics for Nonstop Domestic Flights From JFK With A Map

Click here to take the quiz!

General Stats

  • This quiz has been taken 195 times
    (177 since last reset)
  • The average score is 47 of 68

Answers on the Map

Answers color-coded by a green-red scale on the quiz's map according to % correct below.
 

Answer Stats

Airport% Correct
Los Angeles
99%
Chicago
98%
San Francisco
97%
Seattle-Tacoma
97%
Dallas
96%
Houston
95%
Miami
95%
Boston
94%
Honolulu
94%
Phoenix
94%
Las Vegas
93%
Portland
93%
Portland
93%
Atlanta
92%
San Diego
92%
Baltimore-Washington
91%
Denver
91%
Detroit
90%
Orlando
90%
Salt Lake City
90%
Minneapolis-St. Paul
89%
New Orleans
89%
Jackson Hole
88%
Anchorage
87%
Austin
87%
Charlotte
85%
Indianapolis
85%
Kansas City
83%
Nashville
83%
Jacksonville
82%
Tampa
82%
Cleveland
80%
Columbus
80%
San Antonio
80%
Sacramento
79%
Raleigh | Durham
77%
Milwaukee
76%
Cincinnati
75%
Pittsburgh
75%
Buffalo
74%
Albuquerque
73%
Reno
72%
Boise
71%
Charleston
71%
Fort Lauderdale
68%
Richmond
68%
San Jose
68%
Savannah
52%
Rochester
50%
Syracuse
49%
Burlington
48%
Fort Myers
47%
Norfolk
46%
Sarasota | Bradenton
37%
West Palm Beach
37%
Palm Springs
33%
Irvine | Orange County
32%
Key West
32%
Bangor
31%
Burbank
29%
Bozeman
28%
Ontario
25%
Martha's Vineyard
21%
Vail | Eagle
21%
Nantucket
20%
Worcester
17%
Hyannis
11%
Kalispell
11%

Score Distribution

Percentile by Number Answered

Percent of People with Each Score

Your Score History

You have not taken this quiz since the last reset